İlk Japon haritasını çizen Türk Kaşgarlı Mahmud ve Kristof Kolomb'un haritasına dayanarak en eski Amerika haritasını çizen Türk amirali Piri Reis= The oldest map of Japan drawn by a Turk Mahmud of Kashgar and the mapof America by Piri Reis/ (Record no. 4436)
| 000 -BAŞLIK | |
|---|---|
| Sabit Uzunluktaki Kontrol Alanı | 01724nam a22003857a 4500 |
| 001 - KONTROL NUMARASI | |
| Control Dosyası | 0004454 |
| 003 - KONTROL NUMARASI KİMLİĞİ | |
| Kontrol Alanı | KOHA_MİRAKIL |
| 005 - EN SON İŞLEM TARİHİ ve ZAMANI | |
| Kontrol Alanı | 20260207001412.0 |
| 007 - FİZİKSEL TANIM SABİT ALAN - GENEL BİLGİ | |
| Sabit uzunluklu kontrol alanı | ta |
| 008 - SABİT UZUNLUKTAKİ VERİ ÖGELERİ - GENEL BİLGİ | |
| Sabit Alan | 090507b1997 tu |||gr||||#||||0|tur | |
| 020 ## - ISBN - ULUSLARARASI STANDART KİTAP NUMARASI | |
| Isbn | 9751609275 |
| Kullanılabilirlik koşulları | 0,01 |
| 040 ## - KATALOGLAMA KAYNAĞI | |
| Özgün Kataloglama Kurumu | TR-BiSEU |
| Kataloglama Dili | tur |
| Çeviri Kurumu | TR-BiSEU |
| Açıklama Kuralları | rda |
| 041 0# - DİL KODU | |
| Metin ya da ses kaydının dil kodu | tur |
| 044 ## - YAYINLAYAN/ÜRETEN KURULUŞUN ÜLKE KODU | |
| ISO country code | tu |
| 050 ## - SINIFLAMA ve YER NUMARASI | |
| Sınıflama Numarası | GA1303.5 |
| Yer Numarası | .T45 1997 |
| 100 1# - KİŞİ ADI | |
| Yazar Adı (Kişi adı) | Tekeli, Sevim. |
| 245 1# - ESER ADI BİLDİRİMİ | |
| Başlık | İlk Japon haritasını çizen Türk Kaşgarlı Mahmud ve Kristof Kolomb'un haritasına dayanarak en eski Amerika haritasını çizen Türk amirali Piri Reis= The oldest map of Japan drawn by a Turk Mahmud of Kashgar and the mapof America by Piri Reis/ |
| Sorumluluk Bildirimi | Sevim Tekeli ; Sevim Tekeli; editör Songül Bolbeyi. |
| 264 #1 - ÜRERİM, YAYIN, DAĞITIM ve TELİF BİLDİRİMİ | |
| Yayın yeri | Ankara : |
| Yayınlayan | Atatürk Yüksek Kurumu Atatürk Kültür Merkezi Başkanlığı |
| Yayın tarihi | 1997 |
| 300 ## - FİZİKSEL TANIMLAMA | |
| Sayfa, Cilt vb. | 63 sayfa: resimli ; |
| Boyutları | 18 cm. |
| 336 ## - İÇERİK TÜRÜ | |
| Content type term | metin |
| Content type code | txt |
| Source | rdacontent |
| 337 ## - MEDYA TÜRÜ | |
| Media type term | aracısız |
| Media type code | n |
| Source | rdamedia |
| 338 ## - TAŞIYICI TÜRÜ | |
| Carrier type term | cilt |
| Carrier type code | nc |
| Source | rdacarrier |
| 490 1# - DİZİ BİLDİRİMİ | |
| Dizi Bildirimi | Atatürk Yüksek Kurumu.Atatürk Kültür Merkezi yayını ; |
| Cilt Numarası | 129. |
| 490 1# - DİZİ BİLDİRİMİ | |
| Dizi Bildirimi | Türk Kültüründen görüntüler dizisi ; |
| Cilt Numarası | 23. |
| 500 ## - GENEL NOT | |
| Genel Not | Metnin dili Türkçe-İngilizce'dir. |
| 650 #0 - KONU BAŞLIĞI EK GİRİŞ - KONU TERİMİ | |
| Konusal terim veya coğrafi ad | Piri Reis,--1465?-1554. |
| 9 (RLIN) | 10941 |
| 650 #0 - KONU BAŞLIĞI EK GİRİŞ - KONU TERİMİ | |
| Konusal terim veya coğrafi ad | Kaşgarlı Mahmud. |
| 9 (RLIN) | 10942 |
| 650 #0 - KONU BAŞLIĞI EK GİRİŞ - KONU TERİMİ | |
| Konusal terim veya coğrafi ad | Cartography--Turkey--History. |
| 9 (RLIN) | 10943 |
| 650 #0 - KONU BAŞLIĞI EK GİRİŞ - KONU TERİMİ | |
| Konusal terim veya coğrafi ad | Cartographers--Turkey--History--Ottoman Empire 1288-1918. |
| 9 (RLIN) | 10944 |
| 650 #0 - KONU BAŞLIĞI EK GİRİŞ - KONU TERİMİ | |
| Konusal terim veya coğrafi ad | Haritacılık--Türkiye--Tarih. |
| 9 (RLIN) | 10945 |
| 650 #0 - KONU BAŞLIĞI EK GİRİŞ - KONU TERİMİ | |
| Konusal terim veya coğrafi ad | Haritacılar--Türkiye--Tarih--Osmanlı İmparatorluğu 1288-1918. |
| 9 (RLIN) | 10946 |
| 830 1# - SERİ EK GİRİŞİ - TEKBİÇİM ESER ADI | |
| Tekbiçim Başlık | Atatürk Yüksek Kurumu.Atatürk Kültür Merkezi yayını ; |
| Volume number/sequential designation | 129. |
| 9 (RLIN) | 10947 |
| 830 1# - SERİ EK GİRİŞİ - TEKBİÇİM ESER ADI | |
| Tekbiçim Başlık | Türk Kültüründen görüntüler dizisi ; |
| Volume number/sequential designation | 23. |
| 9 (RLIN) | 10948 |
| 942 ## - EK GİRİŞ ÖGELERİ (KOHA) | |
| Source of classification or shelving scheme | Library of Congress Classification |
| Koha item type | Book |
| Materyal Türü | Kalıcı Konum | Mevcut Konum | Raf Yeri | Sınıflandırma Kaynağı | Edinim Bilgisi | Ana Konular | Alt Konular | Yer Numarası | Demirbaş Numarası | Fatura Tarihi | Geri Çekilme Durumu | Kayıp Durumu | Hasarlı Durumu | Kredi için değil | Kayıt Tarih | Toplam Ödünçverme | Son Görülme Tarihi | Son Kontrol Tarihi | Genel / Bağış Notu |
|---|---|---|---|---|---|---|---|---|---|---|---|---|---|---|---|---|---|---|---|
| Book | Prof. Dr. Azmi Özcan Kütüphanesi | Prof. Dr. Azmi Özcan Kütüphanesi | Uluğbey Salonu | Library of Congress Classification | Bağış | COĞRAFYA, ANTROPOLOJİ, REKREASYON | Matematiksel Coğrafya, Kartografi | GA1303.5 .T45 1997 | 0004454 | 13/08/2010 | 07/05/2009 | 1 | 07/05/2025 | 07/05/2025 | İİBF |
